South Eastern Kenya University

Library Online Public Access Catalogue


Children and their development / (Record no. 10717)

MARC details
000 -LEADER
fixed length control field 01089cam a22003014a 4500
001 - CONTROL NUMBER
control field 14207781
003 - CONTROL NUMBER IDENTIFIER
control field OSt
005 - DATE AND TIME OF LATEST TRANSACTION
control field 20160210152802.0
008 - FIXED-LENGTH DATA ELEMENTS--GENERAL INFORMATION
fixed length control field 051222s2007 njua b 001 0 eng
010 ## - LIBRARY OF CONGRESS CONTROL NUMBER
LC control number 2005037473
020 ## - INTERNATIONAL STANDARD BOOK NUMBER
International Standard Book Number 013194911X
040 ## - CATALOGING SOURCE
Original cataloging agency DLC
Transcribing agency DLC
Modifying agency DLC
042 ## - AUTHENTICATION CODE
Authentication code pcc
050 00 - LIBRARY OF CONGRESS CALL NUMBER
Classification number HQ767.9
Item number .K34 2007
082 00 - DEWEY DECIMAL CLASSIFICATION NUMBER
Classification number 305.231
Edition number 22
100 1# - MAIN ENTRY--PERSONAL NAME
Personal name Kail, Robert V.
245 10 - TITLE STATEMENT
Title Children and their development /
Statement of responsibility, etc. Robert V. Kail.
250 ## - EDITION STATEMENT
Edition statement 4th ed.
260 ## - PUBLICATION, DISTRIBUTION, ETC. (IMPRINT)
Place of publication, distribution, etc. Upper Saddle River, NJ :
Name of publisher, distributor, etc. Pearson Education/Prentice Hall,
Date of publication, distribution, etc. c2007.
300 ## - PHYSICAL DESCRIPTION
Extent xxx, 545 p. :
Other physical details ill. (chiefly col.);
Dimensions 28 cm. +
Accompanying material 1 CD-ROM (4 3/4 in.)
500 ## - GENERAL NOTE
General note includes brief contents, references and subject index
504 ## - BIBLIOGRAPHY, ETC. NOTE
Bibliography, etc Includes bibliographical references and indexes.
650 #0 - SUBJECT ADDED ENTRY--TOPICAL TERM
Topical term or geographic name as entry element Child development.
856 41 - ELECTRONIC LOCATION AND ACCESS
Materials specified Table of contents only
Uniform Resource Identifier <a href="http://www.loc.gov/catdir/toc/ecip065/2005037473.html">http://www.loc.gov/catdir/toc/ecip065/2005037473.html</a>
906 ## - LOCAL DATA ELEMENT F, LDF (RLIN)
a 7
b cbc
c orignew
d 1
e ecip
f 20
g y-gencatlg
942 ## - ADDED ENTRY ELEMENTS (KOHA)
Source of classification or shelving scheme Library of Congress Classification
Koha item type General circulation
Holdings
Withdrawn status Lost status Source of classification or shelving scheme Damaged status Not for loan Home library Current library Shelving location Date acquired Source of acquisition Total Checkouts Full call number Barcode Date last seen Price effective from Koha item type Public note
    Library of Congress Classification     Wote Campus Library Wote Campus Library General Stacks 10/02/2016 donation- books for Africa   HQ767.9 .K34 2007 2016/011327 10/02/2016 10/02/2016 General circulation GM
Kitui, Kenya.
+254736116989
library@seku.ac.ke